000 00404nam a2200169Ia 4500
005 20240614064337.0
008 240331s9999 xx 000 0 und d
082 _bGAN
_a891.48
100 _aGanesalingan, S
245 0 _aNeenda payanam
260 _aChennai
_bKumaran Publishers
_c2002
300 _a208 p .,
650 _aCaste
650 _aRituals
650 _a Government Facilities
942 _cL
999 _c3933
_d3933